Central Library OPAC University of Rajshahi

Under the net : (Record no. 21131)

MARC details
000 -LEADER
fixed length control field 00610nam a2200217 a 4500
001 - CONTROL NUMBER
control field 21131
003 - CONTROL NUMBER IDENTIFIER
rucl marc code BD-RjUL
005 - DATE AND TIME OF LATEST TRANSACTION
control field 20211209000642.0
008 - FIXED-LENGTH DATA ELEMENTS--GENERAL INFORMATION
fixed length control field 140303r19631954enk 000 1 eng d
020 ## - INTERNATIONAL STANDARD BOOK NUMBER
Canceled/invalid ISBN 0583048006
035 ## - SYSTEM CONTROL NUMBER
System control number (BD-RjUL)21195
040 ## - CATALOGING SOURCE
Original cataloging agency BD-RjUL
Language of cataloging eng
Transcribing agency BD-RjUL
Modifying agency BD-RjUL
041 ## - LANGUAGE CODE
Language code of text/sound track or separate title eng
082 ## - DEWEY DECIMAL CLASSIFICATION NUMBER
Classification number 823.91
Author mark and year MUU
100 1# - MAIN ENTRY--PERSONAL NAME
Personal name Murdoch, Iris.
9 (RLIN) 65317
245 10 - TITLE STATEMENT
Title Under the net :
Remainder of title A novel /
Statement of responsibility, etc. Irish Murdoch.
260 ## - PUBLICATION, DISTRIBUTION, ETC. (IMPRINT)
Place of publication, distribution, etc. St. Albans :
Name of publisher, distributor, etc. Triad / Panther,
Date of publication, distribution, etc. c1954 [impression 1963]
300 ## - PHYSICAL DESCRIPTION
Pagination 286 p. ;
Size 18 cm.
650 #0 - SUBJECT ADDED ENTRY--TOPICAL TERM
Topical term or geographic name as entry element English fiction
General subdivision Women authors.
9 (RLIN) 61517
942 ## - ADDED ENTRY ELEMENTS (KOHA)
Source of classification or shelving scheme Dewey Decimal Classification
Koha item type Books
Holdings
Lost status Source of classification or shelving scheme Damaged status Not for loan Collection code Permanent Location Current Location Shelving location Date acquired Source of acquisition Cost, normal purchase price Total Checkouts Full call number Date last seen Copy number Koha item type
  Dewey Decimal Classification   Added to bundle Fiction Central Library, University of Rajshahi Central Library, University of Rajshahi Reading Room 06/04/1964 Zeitlinger 16.00   823.91 MUU 1963 03/03/2014 C-1 Books